000 00863nam a2200217Ia 4500
999 _c38804
_d38804
001 5167
003 GE_BSU
005 20190422190857.0
008 181216s1996|||| |||||||||||||| ||geo||
040 _cGE_BSU
041 _ageo
080 _a624.04(075.8) ა- 89
100 _aასტვაცატუროვი, ა.
_9346
245 _aსამშენებლო მექანიკა /
_cა. ასტვაცატუროვი , რედ. ა.დავითიანი.
_b სახელმძღვ :
264 _aთბილისი :
_bგანათლება,
_c1985 .
300 _a518 გვ ;
_c27 სმ .
653 _aსამშენებლო მექანიკა
653 _aმექანიკა
700 _aა.დავითიანი.
_eრედაქტორი
_9347
942 _cBK
_2udc